I Primi passi per un rilancio dell’apostolato biblico (Record n. 28318)
[ formato base ]
| 000 -LEADER | |
|---|---|
| fixed length control field | 01301nam a2200229Ia 4500 |
| 003 - CONTROL NUMBER IDENTIFIER | |
| control field | IT-RoPAU |
| 005 - DATE AND TIME OF LATEST TRANSACTION | |
| control field | 20220918175742.0 |
| 008 - FIXED-LENGTH DATA ELEMENTS--GENERAL INFORMATION | |
| fixed length control field | 120407s9999 xx 000 0 und d |
| 040 ## - CATALOGING SOURCE | |
| Original cataloging agency | IT-RoPAU |
| 040 ## - CATALOGING SOURCE | |
| Transcribing agency | IT-RoPAU |
| 041 ## - LANGUAGE CODE | |
| Language code of text/sound track or separate title | ita |
| 100 ## - MAIN ENTRY--PERSONAL NAME | |
| Personal name | Sobicain |
| 9 (RLIN) | 521 |
| 245 ## - TITLE STATEMENT | |
| Title | I Primi passi per un rilancio dell’apostolato biblico |
| Remainder of title | Bollettino informativo della Sobicain, Ottobre 1990, n.1 |
| 250 ## - EDITION STATEMENT | |
| Edition statement | 1° ed |
| 260 ## - PUBLICATION, DISTRIBUTION, ETC. (IMPRINT) | |
| Place of publication, distribution, etc. | Roma |
| Name of publisher, distributor, etc. | Casa Generalizia SSP |
| Date of publication, distribution, etc. | 1990 |
| 300 ## - PHYSICAL DESCRIPTION | |
| Extent | 20 p. |
| Dimensions | 21 cm |
| 490 ## - SERIES STATEMENT | |
| Series statement | Bollettino informativo della SOBICAIN |
| 490 ## - SERIES STATEMENT | |
| Volume/sequential designation | n° 1 - Ottobre 1990 |
| 520 ## - SUMMARY, ETC. | |
| Summary, etc. | Indice<br/><br/>Un pò di storia...<br/>Primo Incontro del Consiglio di Gestione della SOBICAIN<br/>1. L' attività biblica della SOBICAIN<br/>Le nuove traduzioni<br/>Difficoltà da superare<br/>2. Una Bibbia per tutti e la riforma della Chiesa<br/>3. L' Anno Biblico Paolino<br/>Lettera del Superiore generale per l'Anno Biblico Paolino per un rinnovato impegno spirituale e apostolico sulla Parola di Dio<br/>a) Finalità dell'Anno Biblico<br/>b) Preparazione e realizzazione<br/>4. L'apostolato biblico nella Provincia Italia<br/>5. L'apostolato biblico nella Provincia Brasile<br/>6. L'apostolato biblico nella Provincia Filippine<br/>7. Direttorio del Consiglio di gestione della SOBICAIN<br/>8. Progettazione annuale |
| 942 ## - ADDED ENTRY ELEMENTS (KOHA) | |
| Koha item type | LIBRO |
| Source of classification or shelving scheme | Dewey Decimal Classification |
| Withdrawn status | Lost status | Source of classification or shelving scheme | Damaged status | Not for loan | Home library | Current library | Date acquired | Total Checkouts | Full call number | Date last seen | Price effective from | Koha item type |
|---|---|---|---|---|---|---|---|---|---|---|---|---|
| Dewey Decimal Classification | Buone Condizioni | Not For Loan | PAULUS-BIBLIOTECA | PAULUS-BIBLIOTECA | 09/05/2013 | P C6 | 09/05/2013 | 09/05/2013 | LIBRO | |||
| Dewey Decimal Classification | Buone Condizioni | Not For Loan | PAULUS-BIBLIOTECA | PAULUS-BIBLIOTECA | 09/05/2013 | P C6 | 09/05/2013 | 09/05/2013 | LIBRO | |||
| Dewey Decimal Classification | Buone Condizioni | Not For Loan | PAULUS-BIBLIOTECA | PAULUS-BIBLIOTECA | 09/05/2013 | P C6 | 09/05/2013 | 09/05/2013 | LIBRO | |||
| Dewey Decimal Classification | Buone Condizioni | Not For Loan | PAULUS-BIBLIOTECA | PAULUS-BIBLIOTECA | 09/05/2013 | P C6 | 09/05/2013 | 09/05/2013 | LIBRO | |||
| Dewey Decimal Classification | Buone Condizioni | Not For Loan | PAULUS-BIBLIOTECA | PAULUS-BIBLIOTECA | 09/05/2013 | P C6 | 09/05/2013 | 09/05/2013 | LIBRO | |||
| Dewey Decimal Classification | Buone Condizioni | Not For Loan | PAULUS-BIBLIOTECA | PAULUS-BIBLIOTECA | 09/05/2013 | P C6 | 09/05/2013 | 09/05/2013 | LIBRO | |||
| Dewey Decimal Classification | Buone Condizioni | Not For Loan | PAULUS-BIBLIOTECA | PAULUS-BIBLIOTECA | 09/05/2013 | P C6 | 09/05/2013 | 09/05/2013 | LIBRO |